000 00436nam a2200181Ia 4500
005 20250423101518.0
008 250422s9999 xx 000 0 und d
020 _a978-0-495-09587-3
050 _aP 90 .L48 /
100 _aLittlejohn, Stephen W.
245 0 _aTheories of human communication
250 _a9th ed.
260 _aCalifornia
260 _bThomson & Wadsworth
260 _c2008
300 _a395 p
942 _cBK
999 _c36505
_d36505